<?xml version="1.0" encoding="UTF-8"?>
<record
    xmlns:xsi="http://www.w3.org/2001/XMLSchema-instance"
    xsi:schemaLocation="http://www.loc.gov/MARC21/slim http://www.loc.gov/standards/marcxml/schema/MARC21slim.xsd"
    xmlns="http://www.loc.gov/MARC21/slim">

  <leader>01938pab a2200169 454500</leader>
  <controlfield tag="008">180718b2002   xxu||||| |||| 00| 0 eng d</controlfield>
  <datafield tag="100" ind1=" " ind2=" ">
    <subfield code="a">Anant, T.C.A.</subfield>
  </datafield>
  <datafield tag="245" ind1=" " ind2=" ">
    <subfield code="a">An economic analysis of judicial activism</subfield>
  </datafield>
  <datafield tag="260" ind1=" " ind2=" ">
    <subfield code="c">2002</subfield>
  </datafield>
  <datafield tag="300" ind1=" " ind2=" ">
    <subfield code="a">p.4433-439.</subfield>
  </datafield>
  <datafield tag="362" ind1=" " ind2=" ">
    <subfield code="a">26 Oct</subfield>
  </datafield>
  <datafield tag="520" ind1=" " ind2=" ">
    <subfield code="a">Over time it is not just the rights of the `socially excluded' that have been put up for judicial review and intervention; a whole gamut of issues such as the environment, consumer affairs, property rights, the practices of municipal corporations, educational institutions, politicians and political parties, to name a few areas, have been presented before the courts to prescribe public policy outcomes.  This widening of subject matter has caused Indian judicial activism to be celebrated as a device of engineering social change.  We propose an examination of judicial activism using the positive tools of economic analysis.  The singular value of such an analysis lies in placing judicial activism in relation to the norm of economic efficiency.  This enables a discussion in which one does not present the problem as one of contesting ideologies, but in terms of the impact of judicial activism on the allocation of resources.  In the first section of the paper we outline the tools for the analysis.  We establish a link between the doctrine of separation of powers and the notion of transaction costs and use this to define activism.  In the second part we use the definition to perform a heuristic economic analysis of judicial activism.  Our conclusions are mixed: while we see some virtue in what we call interpretational judicial activism, other forms of judicial activism that encroach on legislative or executive decision-making on grounds of privilege can result in social costs that outstrip benefits. - Reproduced.</subfield>
  </datafield>
  <datafield tag="650" ind1=" " ind2=" ">
    <subfield code="a">Judiciary</subfield>
  </datafield>
  <datafield tag="700" ind1=" " ind2=" ">
    <subfield code="a">Singh, Jaivir</subfield>
  </datafield>
  <datafield tag="773" ind1=" " ind2=" ">
    <subfield code="a">Economic and Political Weekly</subfield>
  </datafield>
  <datafield tag="909" ind1=" " ind2=" ">
    <subfield code="a">54256</subfield>
  </datafield>
  <datafield tag="999" ind1=" " ind2=" ">
    <subfield code="c">54256</subfield>
    <subfield code="d">54256</subfield>
  </datafield>
  <datafield tag="952" ind1=" " ind2=" ">
    <subfield code="0">0</subfield>
    <subfield code="1">0</subfield>
    <subfield code="4">0</subfield>
    <subfield code="7">0</subfield>
    <subfield code="a">IIPA</subfield>
    <subfield code="b">IIPA</subfield>
    <subfield code="d">2018-07-19</subfield>
    <subfield code="h">Volume no: 37, Issue no: 43</subfield>
    <subfield code="p">AR54701</subfield>
    <subfield code="r">2018-07-19</subfield>
    <subfield code="w">2018-07-19</subfield>
    <subfield code="y">AR</subfield>
  </datafield>
</record>
